LEADER 01840nam a2200325 i 4500 001 000000227034 003 CaOOAMICUS 005 20220222145740.0 008 140212s1635 it u000 u ita u 013 $a205936 026 $acos- 6261 siie crse (3) 1635 (R) 040 $aSeMil$bita 100 1 $aLandsberg, Johann,$d<1489-1539>.$0(OLS)http://semarc/name/40642 245 13$aLa Vita della B. Vergine Gertruda. Ridotta in 5. libri. Dal r.f. Gio. Lanspergio monaco della Certosa. ... Tradotta per l'eccell. medico m. Vincenzo Buondi, et in quest'ultima editione aggiuntivi gli Esercitij di detta Santa. Con due tavole, .. 260 $aIn Venetia :$bPresso Gio: Battista Combi,$c1635. 300 $a[24], 480 p. ;$c4º. 500 $aNumeri romani nel tit. - Iniz. xilogr. 500 $aA c. 2D1r. inizia con proprio front.: Gli Essercitij spirituali 500 $aMarca non censita (Madonna incoronata con bambino: Lanconeta. In cornice figurata) sui front. 500 $aSegn.: pA4 a-b4 A-2G8 541 $aFondo Bidoglio 650 4$aGertude : d'Helfta - Esercizi spirituali.$0(OLS)http://semarc/subject/30119 700 1 $aBondi, Vincenzo,$d.$0(OLS)http://semarc/name/40643 700 1 $aCombi, Giovanni Battista,$c.$0(OLS)http://semarc/name/24908 850 $aSeMil 852 $aSeMil$W1$xVenegono$y1$m3H III 30 FA$j177380$B177380$CSeMilBibl$Z2$F188210 $8I 941 1 $a2 996 $6245$aLa Vita della B. Vergine Gertruda. Ridotta in 5. libri. Dal r.f. Gio. Lanspergio monaco della Certosa. ... Tradotta per l'eccell. medico m. Vincenzo Buondi, et in quest'ultima editione aggiuntivi gli Esercitij di detta Santa. Con due tavole, ..$9(OLS)http://semarc/title/325006 996 $6260$aIn Venetia :$bPresso Gio: Battista Combi$9(OLS)http://semarc/publisher/53558 LEADER 01421nam a2200265 i 4500 001 000000188059 003 CaOOAMICUS 005 20100330000000.0 008 100330s2005 it u000 u ita u 013 $a166183 020 $a88-8025-490-1 040 $aSeMil$bita 100 1 $aTettamanzi, Dionigi,$c.$0(OLS)http://semarc/name/89456 245 10$aEsulto per l'opera delle tue mani :$bOmelia per la Professione religiosa dei voti perpetui. Duomo di Milano, 3 settembre 2005 /$cDionigi Tettamanzi Cardinale Arcivescovo di Milano. 260 $aMilano :$bCentro Ambrosiano,$ccopyr. 2005. 300 $a45 p. ;$c19 cm. 490 0 $aMagistero dell'Arcivescovo ;$v26 650 4$aProfessione religiosa.$0(OLS)http://semarc/subject/4816 650 4$aTettamanzi, Dionigi - Scritti, discorsi, omelie, lettere pastorali, etc.$0(OLS)http://semarc/subject/2681 830 0$aMagistero dell'Arcivescovo ;$v26.$0(OLS)http://semarc/title/21726 850 $aSeMil 852 $aSeMil$W1$xVenegono$y1$m5D IX 19/26$j138738$B138738$CSeMilBibl$Z2$F150251 $81 996 $6020$a88-8025-490-1$9(OLS)http://semarc/number/178533 996 $6245$aEsulto per l'opera delle tue mani :$bOmelia per la Professione religiosa dei voti perpetui. Duomo di Milano, 3 settembre 2005$9(OLS)http://semarc/title/270563 996 $6260$aMilano :$bCentro Ambrosiano$9(OLS)http://semarc/publisher/29766